ბათუმის შოთა რუსთაველის სახელმწიფო უნივერსიტეტის ბიბლიოთეკა

Эксплуатация и ремонт технологических трубопроводов под давлением до 10,0 МПа (100 кгс/см2). (ბიბ.ჩანაწერი № 38205)

000 -LEADER
fixed length control field 00912nam a2200229Ia 4500
001 - CONTROL NUMBER
control field 4195
003 - CONTROL NUMBER IDENTIFIER
control field GE_BSU
008 - FIXED-LENGTH DATA ELEMENTS--GENERAL INFORMATION
fixed length control field 181216s||||||||xx |||||||||||||| ||und||
020 ## - INTERNATIONAL STANDARD BOOK NUMBER
International Standard Book Number 5724500493
040 ## - CATALOGING SOURCE
Transcribing agency GE_BSU
080 ## - UNIVERSAL DECIMAL CLASSIFICATION NUMBER
Universal Decimal Classification number 66.026
100 ## - MAIN ENTRY--PERSONAL NAME
Personal name А. Е. Фолиянц, Н. В. Мартынов, В. Б. Серебряный.
245 ## - TITLE STATEMENT
Title Эксплуатация и ремонт технологических трубопроводов под давлением до 10,0 МПа (100 кгс/см2).
245 ## - TITLE STATEMENT
Remainder of title Нормат.-производ. изд.
245 ## - TITLE STATEMENT
Statement of responsibility, etc. Под ред. А. Е. Фолиянца..
260 ## - PUBLICATION, DISTRIBUTION, ETC.
Place of publication, distribution, etc. Москва
260 ## - PUBLICATION, DISTRIBUTION, ETC.
Name of publisher, distributor, etc. ХИМИЯ
260 ## - PUBLICATION, DISTRIBUTION, ETC.
Date of publication, distribution, etc. 1988
300 ## - PHYSICAL DESCRIPTION
Extent 288 с. 21 см.
653 ## - INDEX TERM--UNCONTROLLED
Uncontrolled term Эксплуатация и ремонт технологических трубопроводов под давлением до 10,0 МПа (100 кгс/см2).
942 ## - ADDED ENTRY ELEMENTS (KOHA)
Koha item type წიგნი
ეგზემპლარები
Withdrawn status Lost status Damaged status Not for loan Date acquired Barcode Date last seen Price effective from Koha item type Public note
        2018-12-17 9373 2018-12-17 2018-12-17 წიგნი საცავი
        2018-12-17 9374 2018-12-17 2018-12-17 წიგნი საცავი
        2018-12-17 9375 2018-12-17 2018-12-17 წიგნი საცავი
        2018-12-17 9376 2018-12-17 2018-12-17 წიგნი საცავი